02150nac a22003731i 4500003000900000005001700009008004100026020001500067020001800082035002200100035001400122040004300136082002200179245012100201246002300322250001900345264005600364300003000420336002600450337002800476338002700504500011200531504005100643505064200694650004901336650004401385651005201429651004801481655001701529700005301546942001201599999001501611952015001626EG-ScBUE20240421114112.0240421s2002 nyu f b 001 0 eng d a0815629753 a9780815629757 a(DLC) 2002003146 a(DLC)3422 aEG-ScBUEbengerdacEG-ScBUEdEG-ScBUE04a955.0542bTWE22200aTwenty years of Islamic revolution :bpolitical and social transition in Iran since 1979 /cedited by Eric Hooglund.30aIslamic revolution aFirst edition. 1aSyracuse, N.Y. :bSyracuse University Press,c2002. axviii, 193 pages ;c23 cm 2rdacontentatextbtxt aunmediated2rdamediabn avolumebnc2rdacarrier aBased on papers presented at a series of seminars held in 1999 at St. Anthony's College, Oxford University. aIncludes bibliographical references and index.0 aPostrevolutionary Iran and the new social movements / Farhad Khosrokhavar -- The state and factional politics in the Islamic Republic of Iran / Mehdi Moslem -- Sport and civil society in Iran / Marcus Gerhardt -- Women and the making of civil society in Post-Islamist Iran / Azadeh Kian-Thibaut -- Religious modernists and the "woman question" / Ziba Mir-Hosseini -- Rural society and revolution in Iran / Mostafa Azkia -- Evolution of the decision-making process in Iranian foreign policy, 1979-1999 / Jalil Roshandel -- European Union and French views of the Islamic Republic / Eric Rouleau --Iran and the Persian Gulf / Eric Hooglund. 7aIslam and politicszIranvCongresses.2BUEsh 7aCivil societyzIranvCongresses.2BUEsh 7aIranxPolitics and governmenty1979-19972BUEsh 7aIranxPolitics and governmenty1997-2BUEsh vReading book1 aHooglund, Eric J.q(Eric James),d1944-eeditor. cBB2ddc c8843d8843 00102ddc40708AlahramaMAINbMAINc2NDd2008-03-26ePurchasel18m60o955.0542 TWEp000010428r2025-07-15 00:00:00s2021-09-26w2008-03-26yBB